"U" Antonyms - Statistics

General Stats
  • This quiz has been taken 102 times
  • The average score is 12 of 20
Answer Stats
Word U Antonyms % Correct
Down Up
100%
Pretty Ugly
99%
Over Under
98%
Them Us
97%
Aunt Uncle
94%
Rural Urban
93%
Downtown Uptown
86%
Lower Upper
77%
Right-Side-Up Upside Down
69%
Divide Unite
68%
Friendly Unkind / Unfriendly
56%
New Used
44%
Helpful Useless
42%
Visible Unseen
41%
Common Unique
36%
Happy Upset
34%
Equitable Unfair
31%
Degrade Uplift
13%
Surrender Usurp
13%
Humble Uppity
7%
No matching quizzes found
Score Distribution
Percent of People with Each Score
Percentile by Number Answered
Your Score History
You have not taken this quiz